00259nam a2200097Ia 4500008004100000100001800041245003300059260004300092260000900135999001700144170620s9999 xx 000 0 und d aMangal- S. K. 0aTeaching of Physical Science bMeerut- International Publishing House c2006 c24137d24137